00894nam a2200229 a 450000100100000000500170001000800410002702000170006804000250008524500800011026000570019030000210024749000480026850000730031650000210038950400190041070000310042970000270046083000550048795201050054299900170064700003450420200930073734.0111005s1999 ko 000 0 spa d a978081799552 aDO-SdBNPbspacBNPHU00aDemocracy and the korean economy /cedited by Jongryn Mo and Chung-in Moon. aStanford, Calif. :bHoover Institution Press,c1999. a210 p. ;c24 cm.1 aHoover Institution Press, Publicactionv447 aBased on a symposium held at the Hoover Institution on July 2, 1996. aIncluye índice aBibliografía1 aMo, Jongryn,d1961-9599511 aMoon, Chung-in.959952 0aHoover Institution Press, Publicactionv447959953 001050718MOaGRbGRcCTd2011-10-05iLF1l0o p34504-10r2020-06-25w2020-06-25y1ZNo se presta c33995d33995